| 000 | 00426nam a2200169Ia 4500 | ||
|---|---|---|---|
| 008 | 230524s9999 xx 000 0 und d | ||
| 020 | _a9789350142554 | ||
| 082 |
_a621.56 _bRAJ |
||
| 100 | _aR.K. Rajput | ||
| 245 | 2 | _aA Text Book of Refrigeration and Air-Conditioning | |
| 250 | _a2 | ||
| 260 |
_aNew Delhi _bKatson _c2013 |
||
| 300 | _a"XV,903p;" | ||
| 500 | _aQuantity Number: 1 | ||
| 650 | _aMechanics | ||
| 942 | _cBK | ||
| 999 |
_c56435 _d56435 |
||